| 000 | 00916nam a22002657a 4500 | ||
|---|---|---|---|
| 999 |
_c7633 _d7633 |
||
| 003 | AR-CdUCM | ||
| 008 | 190321b ||||| |||| 00| 0 spa d | ||
| 040 |
_aMUNICIPALIDAD PROVINCIAL DEL CUSCO _cBIBLIOTECA MUNICIPAL DEL CUSCO |
||
| 082 |
_a129.1 / _bM26 |
||
| 100 |
_aMarcuse _921553 |
||
| 245 | _aMarcuse ante sus críticos / | ||
| 260 |
_aMexico : _bGrijalbo, _c1970. |
||
| 300 |
_a154 páginas ; _c18 cm. |
||
| 440 |
_acolección 70 _n77 _921554 |
||
| 505 | _aÉtica y revolución -- El ídolo de los estudiantes rebeldes -- Notas criticas sobre la filosofía social -- El hombre unidimensional de Marcuse -- Filosofía de un radicalismo desorientador... | ||
| 650 |
_aMarcuse. _921555 |
||
| 650 |
_asocialismo. _94183 |
||
| 650 |
_aÉtica. _91337 |
||
| 650 |
_aRevolución. _9844 |
||
| 700 |
_aMallet _921556 |
||
| 700 |
_aUlle _921557 |
||
| 700 |
_aGorz _921558 |
||
| 942 |
_2ddc _cLIBROS |
||
| 945 | _awfj | ||